| 000 | 00415nam a22001457a 4500 | ||
|---|---|---|---|
| 008 | 230515b |||||||| |||| 00| 0 eng d | ||
| 040 |
_aNational Science Library _cNational Science Library |
||
| 080 |
_a551.46 _bJ8 |
||
| 245 | _aAndhra university memoirs in oceanography | ||
| 260 |
_aWaltair: _bAndhra University, _c1958 |
||
| 300 | _a162p. | ||
| 650 | _aOceanography | ||
| 653 | _aOcean | ||
| 942 |
_2udc _cREF |
||
| 999 |
_c30013 _d30013 |
||